000 01225nam a22003737a 4500
003 CHAP
005 20220329141111.0
008 971013s1995 r 10010 d
010 _a62569
011 _a63541
035 _a67717
040 _cCHAP
082 _a631.46
_bR48 1995
111 0 0 _aReuniao Sul-Brasileira de Insetos de Solo (
_n5
_d: 1995
_c: Dourados, M.S.)
_996218
245 _aAta e resumos
260 _aDourados :
_bEMBRAPA-CPAO,
_c1995
300 _a110 p.
490 _aEMBRAPA-CPAO
_v; 8
590 _aBATCH-UPD
_b10
_c20130110
_lUCH01
_h0357
590 _aBATCH-UPD
_b10
_c20130110
_lUCH01
_h1851
590 _aBATCH-UPD
_b10
_c20130410
_lUCH01
_h0030
590 _aBATCH-UPD
_b10
_c20130914
_lUCH01
_h0425
590 _aCONVERSION
_b10
_c20130109
_lUCH01
_h1334
650 1 4 _aAtta.
_98281
650 1 4 _aDiabrotica speciosa.
_932385
650 1 4 _aSuelos
_xBrasil.
_9110223
650 1 4 _aSuelos
_xFauna.
_9110365
650 1 4 _aSuelos
_xMicrobiologĂ­a.
_9110434
810 _aEMBRAPA-CPAO
_v; 8
_936472
901 _aBK
942 _cLIBRO
949 _a631.46 R48 1995
_bBC
_cLIBRO
_d33724000682076
_eLIBRO
_h92220
_i67717
_si
949 _a631.46 R48 1995
_bBC
_cLIBRO
_d33724000795530
_eLIBRO
_fc.2
_h105208
_i67717
_sb
999 _c62569
_d62569